000 00689nam a2200217 a 4500
003 DO-SdBNP
005 20220624134051.0
007 ta
008 220622e2019 dr a|||g |||| 001 0dspa d
040 _aDO-SdBNP
_bspa
_cBNPHU
082 4 _222
_bR173c
245 _aComunicación abierta:
_binstrumento al servicio de la iglesia. /
_cDanny Ramírez Piantini
260 _aSanto Domingo :
_bLibertad,
_c2019
300 _a143 p. :
_bil.,
_c21 cm.
500 _aIncluye datos biográficos del autor en la contracubierta.
590 _aInventariado 2022 / MF
650 4 _945616
_aTeología Bíblica
650 4 _aTeología de la comunicación
_981916
910 _aMFeliz
942 _2ddc
_cLBS1
999 _c52093
_d52093